Länder mit den meisten einheimischen Kamelen - Statistiken

Allgemein
  • Dieses Quiz wurde 84 mal gespielt
  • Das Durchschnittsergebnis liegt bei 14 aus 20
Antwortstatistiken
# Länder % Korrekt
1.98 m Saudi-Arabien
96%
0.439 m Algerien
88%
0.296 m Oman
85%
0.459 m Jemen
83%
10.7 m Tschad
79%
1.93 m Niger
76%
4.77 m Sudan
75%
0.239 m Tunesien
73%
0.580 m Vereinigte Arabische Emirate
73%
1.76 m Äthiopien
72%
1.34 m Mali
72%
1.54 m Mauretanien
72%
4.28 m Kenia
64%
0.280 m Nigeria
61%
0.403 m Eritrea
60%
7.54 m Somalia
57%
1.15 m Pakistan
55%
0.580 m China
52%
0.474 m Mongolei
39%
0.265 m Kasachstan
31%
Keine übereinstimmenden Quizze gefunden
Verteilung der Resultate
Anzahl Personen mit jedem Resultat
Perzentil nach korrekt beantworteten Fragen
Ihre Resultats-Entwicklung
Sie haben dieses Quiz noch nicht gespielt